Vitamins in medicine

Gorde:
Xehetasun bibliografikoak
Egile nagusia: Barker, Brian M.
Formatua: Liburua
Hizkuntza:ingelesa
Argitaratua: William Heinemann Medical Books. 1980.
Edizioa:4ª ed.
Gaiak:
Etiketak: Etiketa erantsi
Etiketarik gabe, Izan zaitez lehena erregistro honi etiketa jartzen!

MARC

LEADER 00000nam a22000005a 4500
001 5357
003 CL-ChBUA
005 20120815102918.0
008 070301s1980 xxk 000 0 eng
040 |a CL-ChBUA  |c CL-ChBUA 
082 0 0 |a 615.854 
090 |c 5357  |d 5357 
100 1 |a Barker, Brian M. 
245 1 0 |a Vitamins in medicine 
250 |a 4ª ed. 
260 |b William Heinemann Medical Books.  |c 1980. 
300 |a 459 p.  |b gráf.: il.  |c 24 cm. 
504 |a Indice. 
650 4 |a VITAMINAS. 
650 4 |a MEDICINA. 
942 |c LIB 
952 |0 0  |1 0  |4 0  |7 0  |9 7959  |a UNACH  |b UNACH  |c 600  |d 2007-03-05  |i 23.665.  |l 0  |o 615.854 / B 255.  |p 8958  |r 2014-11-14 00:00:00  |u 7959  |w 2012-08-08  |y LIB  |k 615.854 / B 255. 
999 |c 5357  |d 5357